000 00274nam a22000977a 4500
008 240219b |||||||| |||| 00| 0 eng d
082 _a511 G17m EJ.2
100 1 0 _aGarcía Merayo, Félix
_eautor
_943441
245 _aMatemática discreta /
_cFélix García Merayo
942 _2ddc
999 _c30614
_d16998